Statistics for Name a Valid City by Location

Click here to take the quiz!

General Stats

  • This quiz has been taken 779 times
  • The average score is 11 of 16

Answer Stats

LocationCity% Correct
NevadaLas Vegas, Henderson...
96%
New ZealandAuckland, Wellington...
95%
ChileSantiago, Puente Alto...
93%
IcelandReykjavik, Kopavogur...
90%
PalestineEast Jerusalem, Gaza...
80%
UzbekistanTashkent, Namangan...
70%
Rhode IslandProvidence, Warwick...
70%
BhutanThimphu, Punakha...
64%
Yucatan PeninsulaMerida, Cancun...
63%
DelawareWilmington, Dover...
63%
TrinidadChaguanas, Mon Repos...
57%
AmazonasManaus, Parintins...
51%
BrittanyNantes, Rennes...
49%
SardiniaCagliari, Sassari
43%
LesothoMaseru, Mafeteng...
41%
CreteHeraklion, Chania...
41%

Score Distribution

Percentile by Number Answered

Percent of People with Each Score

Your Score History

You have not taken this quiz